=LDR 00000nam 2200000 4500 =001 INLIS000000000007383 =005 20130612095407 =008 ***********************************Ind** =035 ##$$0010-061300000007383 =041 ##$$a Ind =082 ##$$a 2x1 =090 ##$$a 2x1, Mus a =100 ##$$a Musa, M. Yusuf =245 ##$$a Al-Qur'an dan filsafat, Prof. M. Yusuf Musa; alih bahasa Ahmad Danday, MD =260 ##$$a 1988 $b Jakarta =300 ##$$a 151 hlm., 21 cm =650 ##$$a Al-Qur'an =700 ##$$a Danay, Ahmad